000 00340nam a22001457a 4500
008 221006b ||||| |||| 00| 0 eng d
020 _a0114687609542
041 _aeng
080 _a616.12
082 _a616.12 JUD
100 _aGLOSSARY
101 _a KARDI
245 _aCARDIAC RHYTHM MANAGEMENT
_cST.JUDE MEDICAL
942 _2udc
_cBK
999 _c58394
_d58394